000 00716cam a2200229 4500
008 090401t1995 xxu||||| |||| 00| 0 eng d
020 _a0854067329
035 _a(Sirsi) u63608
041 _aeng
050 _a333.0072
090 _aRICS 1995/112ABCD
110 _aRoyal Institution of Chartered Surveyors
_94900
245 4 _aThe Education Trust of the Royal Institution of Chartered Surveyors 1989-95: a summary of grants made by the RICS Education Trust.
260 _aLondon
_bRICS
_c1995
300 _a23p. ; 30cm.
350 _a7.95
650 _aRESEARCH
650 _aRICS EDUCATION TRUST
690 _aMANAGEMENT-BUSINESS MANAGEMENT-PROFESSIONAL PRACTICE
942 _n0
948 _c04/03/1997
999 _c94584
_d94584